[Event "FRA-ch op-D"]
[Site "Aix les Bains"]
[Date "2007.08.15"]
[Round "1"]
[White "Lapperriere, Romuald"]
[Black "Baur, Daniel"]
[Result "1-0"]
[WhiteElo "1380"]
[BlackElo "1499"]
[PlyCount "57"]
[EventDate "2007.08.13"]
[EventType "swiss"]
[EventRounds "11"]
[EventCountry "FRA"]
[SourceTitle "CBM 120 Extra"]
[Source "ChessBase"]
[SourceDate "2007.11.01"]
[SourceVersion "1"]
[SourceVersionDate "2007.11.01"]
[SourceQuality "1"]

1. c4 d5 2. d4 Nf6 3. Nc3 e6 4. cxd5 Nxd5 5. Qc2 Bb4 6. Bd2 Nc6 7. Nf3 0-0 8. a3 Bxc3 9. Bxc3 b6 10. e3 a5 11. Bb5 Bb7 12. 0-0 Nxc3 13. Qxc3 a4 14. Bxc6 Bxc6 15. Qxc6 Ra5 16. Rac1 Ra7 17. Rc4 b5 18. Qxb5 Qe7 19. Qc5 Qf6 20. Qxa7 c5 21. Rxc5 h6 22. Rfc1 Rd8 23. Rc8 Kh7 24. Rxd8 Qxd8 25. Qxf7 Qf6 26. Ne5 h5 27. Qxh5+ Kg8 28. Rc8+ Qf8 29. Rxf8+ 1-0